Прогнозирование рыночного успеха телекоммуникационных услуг; Известия Томского политехнического университета [Известия ТПУ]; Т. 315, № 6: Экономика, философия, социология и культурология

Dades bibliogràfiques
Parent link:Известия Томского политехнического университета [Известия ТПУ]/ Томский политехнический университет (ТПУ).— , 2000-
Т. 315, № 6: Экономика, философия, социология и культурология.— 2009.— [С. 44-49]
Autor principal: Семиглазов В. А.
Altres autors: Ульященко В. В.
Sumari:Заглавие с титульного листа
Электронная версия печатной публикации
Приводится методика расчета и анализа технического и рыночного потенциалов телекоммуникационных услуг. Произведение этих потенциалов позволяет оценить конкурентные преимущества товара и прогнозировать его рыночный успех - долю рынка, на которую данный товар может рассчитывать. Приведена модель определения максимальной доходности услуг на основе балансирования между ценой и рыночной долей, рассчитанной по предложенной методике.
Idioma:rus
Publicat: 2009
Col·lecció:Экономика
Matèries:
Accés en línia:http://www.lib.tpu.ru/fulltext/v/Bulletin_TPU/2009/v315/i6/11.pdf
Format: MixedMaterials Electrònic Capítol de llibre
KOHA link:https://koha.lib.tpu.ru/cgi-bin/koha/opac-detail.pl?biblionumber=177523

MARC

LEADER 00000nla2a2200000 4500
001 177523
005 20231031165635.0
035 |a (RuTPU)RU\TPU\book\192457 
035 |a RU\TPU\book\192424 
090 |a 177523 
100 |a 20100319d2009 k y0rusy50 ca 
101 0 |a rus 
102 |a RU 
135 |a drnn ---uucaa 
181 0 |a i  
182 0 |a b 
200 1 |a Прогнозирование рыночного успеха телекоммуникационных услуг  |b Электронный ресурс  |f В. А. Семиглазов, В. В. Ульященко 
203 |a Текст  |c электронный 
215 |a 1 файл (304 Кб) 
225 1 |a Экономика 
230 |a Электронные текстовые данные (1 файл : 304 Кб) 
300 |a Заглавие с титульного листа 
300 |a Электронная версия печатной публикации 
320 |a [Библиогр.: с. 49 (9 назв.)] 
330 |a Приводится методика расчета и анализа технического и рыночного потенциалов телекоммуникационных услуг. Произведение этих потенциалов позволяет оценить конкурентные преимущества товара и прогнозировать его рыночный успех - долю рынка, на которую данный товар может рассчитывать. Приведена модель определения максимальной доходности услуг на основе балансирования между ценой и рыночной долей, рассчитанной по предложенной методике. 
337 |a Adobe Reader 
461 1 |0 (RuTPU)RU\TPU\book\176237  |t Известия Томского политехнического университета [Известия ТПУ]  |f Томский политехнический университет (ТПУ)  |d 2000- 
463 1 |0 (RuTPU)RU\TPU\book\192423  |x 1684-8519  |t Т. 315, № 6: Экономика, философия, социология и культурология  |v [С. 44-49]  |d 2009  |p 154 с. 
610 1 |a рыночная доля 
610 1 |a коммерческий потенциал 
610 1 |a прогнозирование 
610 1 |a конкурентное преимущество 
610 1 |a телекоммуникационные услуги 
610 1 |a электронный ресурс 
700 1 |a Семиглазов  |b В. А. 
701 1 |a Ульященко  |b В. В. 
801 1 |a RU  |b 63413507  |c 20090623  |g PSBO 
801 2 |a RU  |b 63413507  |c 20211220  |g PSBO 
856 4 |u http://www.lib.tpu.ru/fulltext/v/Bulletin_TPU/2009/v315/i6/11.pdf 
942 |c CF